Word that Comes Before #2 - Statistics

General Stats
  • This quiz has been taken 22,364 times
  • The average score is 12 of 21
Answer Stats
Word Precedes These % Correct
Brain Drain, Teaser, Freeze
92%
Silver Bullet, Surfer, Lining
90%
Solar Power, System, Eclipse
85%
Flying Dutchman, Buttress, Squirrel
82%
High Definition, Jump, Fructose
72%
Bed Bug, Sheet, Ridden
71%
Fast Food, Track, Lane
68%
Communist Party, Bloc, Manifesto
63%
Field Marshal, Trip, Hockey
62%
Half Mast, Measure, Nelson
61%
Belly Button, Dance, Ache
58%
Public Library, Domain, Enemy
57%
New World, Moon, Wave
54%
Purple Heart, Haze, Prose
52%
Ball Hog, Gown, Bearing
49%
Buffalo Bill, Wing, Mozzarella
49%
Beach Bum, Comber, Ball
45%
Jet Engine, Stream, Black
41%
Dust Devil, Bowl, Jacket
35%
Paper Towel, Work, Tiger
22%
Christmas Tree, Goose, Cookie
17%
No matching quizzes found
Score Distribution
Percent of People with Each Score
Percentile by Number Answered
Your Score History
You have not taken this quiz